000 01354nam a2200349 i 4500
001 164074
003 ES-MaACL
005 20250817210515.0
008 030226s1862 fr |||| | fre d
080 _a94(65)
080 _a94(611)
080 _a94(612)
100 1 _aRozet, Claude Antoine.
_9158437
245 1 0 _aAlgérie /
_cpar Rozet et Clarette .
_bÉtats Tripolitains / par Ferd. Hoefer . Tunis / par Louis Frank ; revue et acompagnée d'un précis historique par M. J. Marcel.
246 3 _aÉtats Tripolitains
246 3 _aTunis
260 _aParis :
_bFirmin Didot Frères, Fils et Cie,
_c1862.
300 _a347, 128, 228 p., [20] h. de lám., [3] h. pleg. de mapas ;
_c21 cm.
490 1 _aL'Univers: histoire et description de tous les peuples
500 _aÍndice.
651 4 _aMediterráneo (Región)-
_xDescripción-
_yS.XIX.
_99045
651 _aTúnez-
_xHistoria.
_9155314
651 4 _aArgelia-
_xHistoria.
_97801
651 4 _aTripolitania-
_xHistoria.
_9159951
700 1 _aCarette, Antoine-Ernest-Hippolyte,
_d1808-1890
_9158438
700 1 _aHoefer, Ferdinand.
_963914
700 1 _aFrank, Louis (
_d1762-1825)
_9158439
700 1 _aMarcel, J.
_9129442
830 1 _aL'Univers: histoire et description de tous les peuples
_9188404
852 _aES-MaACL
_jG-11464
_z- Enc. hol.
999 _c164074
_d164074